Top 500 Baby Girl Names in 2000 (United States) - Statistics

General Stats
  • This quiz has been taken 618 times
  • The average score is 255 of 500
Answer Stats
Hint Answer % Correct
493 Ann
91%
298 Anne
91%
374 Marie
91%
46 Mary
91%
17 Emma
90%
390 Elisabeth
89%
9 Elizabeth
89%
465 Emely
89%
333 Emilee
89%
484 Emilie
89%
1 Emily
89%
16 Olivia
89%
379 Eliza
88%
136 Ana
87%
22 Anna
87%
171 Hanna
86%
41 Maria
86%
81 Catherine
85%
2 Hannah
85%
33 Katherine
85%
94 Isabel
84%
144 Isabelle
84%
26 Jennifer
84%
57 Sara
84%
5 Sarah
84%
8 Jessica
83%
228 Rachael
82%
21 Rachel
82%
299 Rose
82%
207 Amelia
81%
264 Ella
81%
19 Grace
81%
45 Isabella
81%
428 Lilly
81%
124 Lily
81%
225 Kate
80%
105 Amy
79%
38 Chloe
79%
29 Julia
79%
85 Laura
79%
71 Melissa
79%
82 Zoe
79%
410 Zoey
79%
391 Allie
78%
313 Ashlee
78%
337 Ashleigh
78%
4 Ashley
78%
289 Charlotte
78%
95 Katie
78%
14 Abigail
77%
32 Amanda
77%
65 Caroline
77%
384 Hailee
77%
35 Hailey
77%
372 Haleigh
77%
28 Haley
77%
260 Haylee
77%
149 Hayley
77%
190 Julie
77%
435 Maddison
77%
3 Madison
77%
454 Madisyn
77%
472 Madyson
77%
34 Natalie
77%
20 Victoria
77%
87 Alexa
76%
231 Alison
76%
44 Allison
76%
244 Allyson
76%
463 Alyson
76%
11 Lauren
76%
224 Lauryn
76%
52 Michelle
76%
73 Christina
75%
338 Cristina
75%
294 Eva
75%
437 Jane
75%
218 Kristina
75%
93 Mia
75%
173 Rebekah
75%
7 Samantha
75%
422 Alice
74%
106 Diana
74%
58 Kimberly
74%
324 Lucy
74%
39 Rebecca
74%
161 Sofia
74%
42 Sophia
74%
180 Ava
73%
48 Danielle
73%
449 Ellen
73%
97 Leah
72%
110 Margaret
72%
495 Nichole
72%
31 Nicole
72%
40 Stephanie
72%
10 Taylor
72%
36 Alexandra
71%
119 Angel
71%
306 Annie
71%
160 Sophie
71%
80 Breanna
70%
217 Christine
69%
150 Evelyn
69%
462 Kaila
69%
13 Kayla
69%
355 Meagan
69%
18 Megan
69%
134 Meghan
69%
117 Gabriela
68%
98 Gabriella
68%
96 Molly
68%
83 Briana
67%
15 Brianna
67%
360 Ellie
67%
49 Gabrielle
67%
193 Jasmin
67%
27 Jasmine
67%
227 Jazmin
67%
237 Jazmine
67%
451 Kiley
67%
197 Kylee
67%
104 Kylie
67%
295 Lisa
67%
315 Rosa
67%
121 Alicia
66%
401 Alisha
66%
151 Bethany
66%
137 Britney
66%
60 Brittany
66%
148 Brittney
66%
111 Kelly
66%
129 Lillian
66%
385 Madalyn
66%
280 Madeleine
66%
56 Madeline
66%
126 Madelyn
66%
6 Alexis
65%
252 Alexus
65%
279 Alissa
65%
12 Alyssa
65%
79 Angela
65%
115 Audrey
65%
332 Bryanna
65%
76 Caitlin
65%
118 Caitlyn
65%
141 Daisy
65%
61 Erin
65%
158 Kaitlin
65%
30 Kaitlyn
65%
368 Kaitlynn
65%
54 Katelyn
65%
229 Katelynn
65%
330 Katlyn
65%
322 Addison
64%
109 Ariana
64%
128 Arianna
64%
62 Vanessa
64%
353 Clara
63%
66 Faith
63%
238 Joanna
63%
468 Johanna
63%
348 Cassie
62%
156 Daniela
62%
363 Daniella
62%
375 Eleanor
62%
146 Hope
62%
116 Jade
62%
153 Karen
62%
114 Melanie
62%
220 Natalia
62%
219 Nina
62%
226 Patricia
62%
409 Susan
62%
47 Amber
61%
223 Aubrey
61%
100 Cassandra
61%
86 Claire
61%
400 Jessie
61%
284 Kassandra
61%
205 Abby
60%
393 Cara
60%
192 Kara
60%
43 Mackenzie
60%
67 Makayla
60%
199 Makenzie
60%
113 Maya
60%
133 Mckenzie
60%
154 Michaela
60%
381 Mikaela
60%
108 Mikayla
60%
175 Mya
60%
425 Abbey
59%
253 Alana
59%
498 Alanna
59%
59 Courtney
59%
345 Helen
59%
189 Holly
59%
50 Jordan
59%
186 Jordyn
59%
431 Mckayla
59%
131 Riley
59%
290 Rylee
59%
143 Veronica
59%
55 Andrea
58%
157 Angelina
58%
102 Erica
58%
123 Erika
58%
245 Gracie
58%
288 Josephine
58%
166 Valerie
58%
176 Avery
57%
429 Bailee
57%
68 Bailey
57%
340 Baylee
57%
404 Carla
57%
140 Chelsea
57%
475 Chelsey
57%
63 Jenna
57%
203 Karla
57%
316 Alaina
56%
426 Alayna
56%
51 Brooke
56%
234 Elena
56%
323 Esther
56%
334 Georgia
56%
125 Heather
56%
198 Maggie
56%
167 Monica
56%
25 Morgan
56%
258 Ruby
56%
91 Alexandria
55%
452 Jaclyn
55%
64 Jacqueline
55%
359 Jacquelyn
55%
268 Jaqueline
55%
305 Kailey
55%
415 Kaleigh
55%
72 Kaylee
55%
349 Kayleigh
55%
380 Kaylie
55%
407 Layla
55%
267 Carolina
54%
481 Cora
54%
352 Ivy
54%
361 Jenny
54%
241 Juliana
54%
249 Julianna
54%
191 Kendall
54%
357 Linda
54%
183 Naomi
54%
257 Sandra
54%
464 Annabelle
53%
169 Carly
53%
327 Destinee
53%
24 Destiny
53%
328 Josie
53%
69 Paige
53%
440 Phoebe
53%
339 Ruth
53%
214 April
52%
254 Elise
52%
155 Jamie
52%
412 Janet
52%
457 Joy
52%
194 Selena
52%
272 Vivian
52%
138 Angelica
51%
184 Ariel
51%
77 Autumn
51%
411 Carley
51%
405 Francesca
51%
142 Kristen
51%
301 Kristin
51%
112 Miranda
51%
210 Savanna
51%
37 Savannah
51%
209 Serena
51%
127 Adriana
50%
216 Adrianna
50%
461 Fiona
50%
414 Iris
50%
314 Kassidy
50%
321 Callie
49%
107 Cassidy
49%
132 Crystal
49%
240 Gianna
49%
427 Kali
49%
88 Kelsey
49%
441 Kelsie
49%
346 Krystal
49%
177 Brooklyn
48%
269 Camille
48%
311 Dana
48%
145 Summer
48%
317 Wendy
48%
232 Nancy
47%
92 Sabrina
47%
243 Sadie
47%
101 Tiffany
47%
201 Cameron
46%
185 Camryn
46%
494 Deborah
46%
335 Kamryn
46%
147 Lydia
46%
265 Sidney
46%
23 Sydney
46%
172 Brenda
45%
208 Casey
45%
230 Cierra
45%
386 Kasey
45%
204 Kathleen
45%
430 Lesley
45%
90 Leslie
45%
389 Lesly
45%
256 Nadia
45%
458 Pamela
45%
53 Sierra
45%
418 Theresa
45%
84 Jada
44%
438 Jayda
44%
239 Tara
44%
406 Tia
44%
89 Kathryn
43%
292 Kira
43%
202 Kyra
43%
371 Lacey
43%
179 Lindsay
43%
103 Lindsey
43%
421 Sharon
43%
211 Aaliyah
42%
488 Aurora
42%
270 Carmen
42%
187 Kendra
42%
302 Marisa
42%
78 Marissa
42%
398 Melody
42%
281 Natasha
42%
351 Heidi
41%
120 Jillian
41%
403 Noelle
41%
163 Payton
41%
168 Peyton
41%
152 Shannon
41%
266 Tessa
41%
236 Katrina
40%
287 Aliyah
39%
170 Bianca
39%
164 Cynthia
39%
356 Gina
39%
459 Irene
39%
139 Kennedy
39%
490 Lucia
39%
277 Makenna
39%
373 Martha
39%
188 Mckenna
39%
165 Alexia
38%
382 Harley
38%
331 Mariana
38%
476 Sasha
38%
135 Skylar
38%
250 Skyler
38%
283 Cecilia
37%
263 Cindy
37%
329 Denise
37%
358 Gloria
37%
122 Jocelyn
37%
443 Kiersten
36%
75 Mariah
36%
4737 Paris
36%
178 Ashlyn
35%
387 Ashlynn
35%
200 Claudia
35%
447 Felicity
35%
255 Kirsten
35%
487 Macie
35%
233 Macy
35%
74 Trinity
35%
466 Alina
34%
274 Bridget
34%
235 Kyla
34%
439 Lexi
34%
350 Marina
34%
286 Reagan
34%
469 Regan
34%
222 Valeria
34%
271 Whitney
34%
326 Clarissa
33%
442 Halle
33%
297 Hallie
33%
278 Miriam
33%
307 Nia
33%
70 Shelby
33%
378 Talia
33%
308 Carolyn
32%
282 Ciara
32%
130 Kiara
32%
213 Mallory
32%
293 Meredith
32%
275 Celeste
31%
474 Justine
31%
159 Karina
30%
300 Liliana
30%
196 Amaya
29%
296 Dakota
29%
395 India
29%
433 Serenity
29%
417 Tamara
29%
347 Tiana
29%
485 Tianna
29%
455 Colleen
28%
309 Anastasia
27%
367 Gisselle
27%
470 Janelle
27%
215 Raven
27%
362 Renee
27%
497 Sylvia
27%
262 Tori
27%
366 Virginia
27%
370 Cheyanne
26%
99 Cheyenne
26%
343 Monique
26%
489 Sage
26%
319 Tabitha
26%
344 Teresa
26%
491 Alma
25%
500 Angie
25%
388 Brandi
25%
399 Brandy
25%
383 Jaden
25%
496 Jayden
25%
261 Jayla
25%
408 Krista
25%
212 Giselle
24%
423 Yasmin
24%
419 Yasmine
24%
303 Deanna
23%
483 Felicia
23%
486 Larissa
23%
174 Alejandra
22%
310 Brenna
22%
206 Delaney
22%
181 Desiree
22%
499 Malia
22%
273 Priscilla
22%
342 Raquel
22%
456 Charity
21%
242 Fatima
21%
247 Genesis
21%
276 Kiana
21%
444 Kiera
21%
376 Kierra
21%
318 Logan
21%
467 Angelique
20%
416 Tyler
20%
413 Carissa
19%
434 Karissa
19%
480 Skye
19%
341 Heaven
18%
477 Paulina
18%
195 Esmeralda
17%
312 Shayla
16%
377 Tiara
16%
392 Viviana
16%
354 Ashton
15%
221 Asia
15%
446 Annika
14%
259 Dominique
14%
251 Tatiana
14%
397 Tatyana
14%
182 Alondra
13%
285 Mercedes
13%
162 Diamond
12%
394 Marisol
12%
420 Tatum
12%
248 Yesenia
12%
492 Chasity
11%
291 Shania
10%
460 Tania
10%
445 Tyra
10%
365 Anahi
9%
325 Gillian
9%
246 Guadalupe
9%
402 Hunter
8%
450 Kaylin
8%
453 Rhiannon
8%
448 Taryn
8%
304 Imani
7%
478 Mayra
7%
336 Deja
6%
320 Paola
6%
436 Precious
6%
479 Zaria
6%
432 Ayanna
4%
369 Julissa
4%
396 Litzy
4%
364 Lizbeth
4%
424 Tamia
3%
482 Brisa
2%
471 Janae
2%
No matching quizzes found
Score Distribution
Percent of People with Each Score
Percentile by Number Answered
Your Score History
You have not taken this quiz